Mikulčice : sídlo a pevnost knížat velkomoravských /

Hlavní autor: Poulík, Josef, 1910-1998
Jazyk: Čeština
Vydáno: Praha : Academia, 1975
Vydání: 1. vyd.
Externí odkaz: Digitalizovaný dokument
Fyzický popis: 207 s., [98] s. obr. příl : il., mapy ; 25 cm
Language note: Německé a ruské resumé
Knihy
Uloženo v:
LEADER 01524nam a22003612a 4500
001 000068014
003 CZ BrMZK
005 20120831134510.0
007 ta
008 950407s1975 xr abf f 000 0 cze d
015 |a cnb000497150 
020 |q (Váz.) :  |c Kčs 50,00 
035 |a (OCoLC)2352969 
040 |a ABA001  |b cze  |c LIA001  |d ABA001 
041 0 |a cze  |b ger  |b rus 
080 9 |a 571(437.227-21 Mikulčice)+908.437.227-21 Mikulčice 
100 1 |a Poulík, Josef,  |d 1910-1998  |7 jk01100822  |4 aut 
245 1 0 |a Mikulčice :  |b sídlo a pevnost knížat velkomoravských /  |c Josef Poulík 
250 |a 1. vyd. 
260 |a Praha :  |b Academia,  |c 1975 
300 |a 207 s., [98] s. obr. příl :  |b il., mapy ;  |c 25 cm 
500 |a Vyd. k 30. výročí osvobození ČSSR Sovětskou armádou 
500 |a 5000 výt. 
504 |a Obsahuje bibliografii 
546 |a Německé a ruské resumé 
500 |a Dostupné též v digitální podobě v aplikaci Kramerius 
856 4 1 |u https://www.digitalniknihovna.cz/mzk/uuid/uuid:9f1f9f20-9e0d-11e3-8e84-005056827e51  |y Digitalizovaný dokument  |x NDK 
910 |a BOA001  |b PK-0075.055  |b 2-0744.804 
920 |a 000152519 
990 |a BK 
996 6 |b 2619944785  |c 2-0744.804  |l Sklad H1  |r Sklad / do 24 hodin  |n 14  |h HS 212  |w 000068014  |u 000030  |a 1  |e BOA001  |j MZK50  |s P 
996 7 |b 2619950154  |c 2-0744.804  |l Sklad H1  |r Sklad / do 24 hodin  |n 44  |h HS 212  |w 000068014  |u 000020  |a 1  |e BOA001  |j MZK50  |s A 
996 7 |b 3119960560  |c PK-0075.055  |l MZK  |r Sklad / do 1 hodiny  |n 94  |w 000068014  |u 000010  |a 1  |e BOA001  |j MZK50  |s A